عرض عادي
عرض مارك
- Safari Technical Books.
مدخل إسم هيئة
001 - رقم الضبط
- حقل الضبط: 19374
003 - معرف رقم الضبط
- حقل الضبط: OSt
005 - تاريخ ووقت أخر عملية
- حقل الضبط: 20121231135235.0
008 - عناصر بيانات ثابتة الطول
- حقل تحكم ثابت الطول: 121231|||a|||||| | ||| d
040 ## - مصدر الفهرسة
- هيئة الفهرسة الأصلية: OSt
- وكالة الكتابة: OSt
110 ## - مدخل -- أسم شخص
- اسم الهيئه او اسم السلطه كعنصر مدخل: Safari Technical Books.
670 ## - بيانات المصدر موجوده
- الاستشهاد بالمصدر: Work cat.: (OSt)0: Soper, Mark Edward. 19373, Sams teach yourself Windows 7 in 10 minutes, c2011.
